000 00674nam a2200217 4500
003 OSt
005 20240729005853.0
006 a
008 240729b |||||||| |||| 00| 0 eng d
020 _a9780763764364
040 _aDWCL-HMN lib.
_cOC
082 _aCirc. 617.735 H465o 2011
100 _aHeier, Jeffrey S.
245 _a100 questions & answers about macular Degeneration /
260 _aSudbury, Mass. :
_bJones and Bartlett pub. ,
_cc2011.
300 _axiv,
_b119 p. : ill. ;
_c23 cm.
504 _aIncludes index.
650 _a1. Retinal degeneration-Miscellanea.
650 _a2. Retinal degeneration-Popular works.
942 _2ddc
_n0
_cBK-CIRC
_kCirc.
999 _c2875
_d2875